A celebration of death : An introduction to some of the buildings,monuments,and settings of funerary architecture in the Western European tradition /

Gespeichert in:
Bibliographische Detailangaben
1. Verfasser: Curl, James Stevens (Verfasst von)
Format: Buch
Sprache:Englisch
Veröffentlicht: London : Batsford, 1993
Ausgabe:2.preprac.vyd.
Tags: Tag hinzufügen
Keine Tags, Fügen Sie das erste Tag hinzu!

MARC

LEADER 00000nam a22000003a 4500
001 stu30685
005 20150617225735.3
008 980209s1993----uk------------------eng-d
020 |a 0-7134-7336-3 
040 |a STU  |b slo 
041 0 |a eng 
044 |a uk 
080 |a 7 
100 1 |a Curl, James Stevens  |4 aut 
245 1 |a A celebration of death :  |b An introduction to some of the buildings,monuments,and settings of funerary architecture in the Western European tradition /  |c [aut]Curl,James Stevens 
250 |a 2.preprac.vyd. 
260 |a London :  |b Batsford,  |c 1993 
300 |a 408 s 
996 |b 284V026557  |c V*45370/O-19901  |l VVT  |s A  |a 24  |w stu30685_0001